Wszystkie Piosenki Top1 Notowań Hot100 Billboard (2010-2024) - Statystyki

Ogólne statystyki
  • Ten quiz został rozwiązany 23 razy
  • Średni wynik to 94 z 392
Statystyki odpowiedzi
Pierwszy raz Ostatni raz Ilość tygodni Artysta i Tytuł % Poprawnych
06.06.2015 06.06.2015 1 Taylor Swift, Kendrick Lamar
70%
01.05.2010 08.05.2010 2 B.O.B, Bruno Mars
65%
02.10.2010 23.10.2010 4 Bruno Mars
65%
08.01.2011 12.02.2011 4 Bruno Mars
65%
22.12.2012 26.01.2013 6 Bruno Mars
65%
20.04.2013 20.04.2013 1 Bruno Mars
65%
13.05.2017 13.05.2017 1 Bruno Mars
65%
17.04.2021 22.05.2021 2 Bruno Mars, Aanderson Peak.
65%
17.01.2015 18.04.2015 14 Mark Ronson, Bruno Mars
65%
01.09.2012 22.09.2012 3 Taylor Swift
65%
06.09.2014 22.11.2014 4 Taylor Swift
65%
29.11.2014 10.01.2015 7 Taylor Swift
65%
16.09.2017 30.09.2017 3 Taylor Swift
65%
08.08.2020 08.08.2020 1 Taylor Swift
65%
26.12.2020 26.12.2020 1 Taylor Swift
65%
27.11.2021 27.11.2021 1 Taylor Swift
65%
05.11.2022 21.01.2013 8 Taylor Swift
65%
28.10.2023 25.11.2023 4 Taylor Swift
65%
11.11.2023 11.11.2023 1 Taylor Swift
65%
04.05.2024 11.05.2024 2 Taylor Swift, Post Malone
65%
13.08.2022 20.08.2022 2 Beyonce
60%
02.03.2024 09.03.2024 2 Beyonce
60%
05.03.2016 30.04.2016 9 Drake, Rihanna
60%
28.01.2017 29.04.2017 12 Ed Sheeran
60%
23.12.2017 20.01.2018 6 Ed Sheeran
60%
09.04.2011 14.05.2011 5 Katy Perry, Kanye West
60%
26.02.2011 02.04.2011 6 Lady Gaga
60%
06.06.2020 06.06.2020 1 Lady Gaga, Ariana Grande
60%
09.03.2019 09.03.2019 1 Lady Gaga, Bradley Cooper
60%
30.05.2020 30.05.2020 1 Meghan Thee Stallion, Beyonce
60%
20.11.2010 20.11.2010 1 Rihanna, Drake
60%
12.11.2011 28.01.2012 10 Calvin Harris, Rihanna
55%
31.08.2019 31.08.2019 1 Camila Cabello, Shawn Mendes
55%
20.05.2017 20.05.2017 1 Dj Khaled, Justin Bieber, Lil Wayne
55%
03.02.2018 14.04.2018 11 Drake
55%
21.04.2018 14.07.2018 8 Drake
55%
21.07.2018 22.09.2018 10 Drake
55%
18.04.2020 18.04.2020 1 Drake
55%
20.03.2021 20.03.2021 1 Drake
55%
02.07.2022 02.07.2022 1 Drake, 21 Savage
55%
18.09.2021 18.09.2021 1 Drake, Future, Young Thug
55%
21.10.2023 21.10.2023 1 Drake, J. Cole
55%
30.09.2023 30.09.2023 1 Drake, Sza
55%
21.05.2016 30.07.2016 10 Drake, Wizkid, Kyla
55%
31.07.2010 11.09.2010 7 Eminem, Rihanna
55%
21.12.2013 11.01.2014 4 Eminem, Rihanna
55%
14.05.2022 14.05.2022 1 Future, Drake, Tems
55%
19.09.2015 19.09.2015 1 Justin Bieber
55%
24.01.2016 06.02.2016 3 Justin Bieber
55%
13.02.2016 27.02.2016 2 Justin Bieber
55%
23.05.2020 23.05.2020 1 Justin Bieber, Ariana Grande
55%
03.04.2021 03.04.2021 1 Justin Bieber, Daniel Caesa, Giveon
55%
06.05.2017 06.05.2017 1 Kendrick Lamar
55%
18.05.2024 20.07.2024 2 Kendrick Lamar
55%
27.03.2010 24.04.2010 4 Rihanna
55%
04.12.2010 04.12.2010 1 Rihanna
55%
30.04.2011 30.04.2011 1 Rihanna
55%
01.12.2012 15.12.2012 3 Rihanna
55%
14.08.2021 16.10.2021 7 The Kid Laroi, Justin Bieber
55%
08.05.2021 15.05.2021 2 The Weeknd, Ariana Grande
55%
11.03.2023 11.03.2023 1 The Weeknd, Ariana Grande
55%
21.05.2011 02.07.2011 7 Adele
50%
17.09.2011 05.11.2011 5 Adele
50%
04.02.2012 11.02.2012 2 Adele
50%
14.11.2015 16.01.2016 10 Adele
50%
30.10.2021 29.01.2022 10 Adele
50%
17.11.2018 05.01.2019 7 Ariana Grande
50%
02.02.2019 06.04.2019 8 Ariana Grande
50%
07.11.2020 07.11.2020 1 Ariana Grande
50%
27.01.2024 27.01.2024 1 Ariana Grande
50%
23.03.2024 23.03.2024 1 Ariana Grande
50%
06.04.2024 20.04.2024 3 Future, Metro Boomin, Kendrick Lamar
50%
16.03.2024 16.03.2024 1 Kanye West, Ty Dolla Sign, Rich The Kid, Playboi Carti
50%
18.09.2010 25.09.2010 2 Katy Perry
50%
18.12.2010 15.01.2011 4 Katy Perry
50%
27.08.2011 03.09.2011 2 Katy Perry
50%
03.03.2012 03.03.2012 1 Katy Perry
50%
14.09.2013 21.09.2013 2 Katy Perry
50%
29.09.2012 24.11.2012 9 Maroon 5
50%
29.09.2018 10.11.2018 7 Maroon 5, Cardi B
50%
10.09.2011 08.10.2011 4 Maroon 5, Christina Aguilera
50%
16.06.2018 16.06.2018 1 Post Malone
50%
30.11.2019 11.01.2019 3 Post Malone
50%
28.10.2017 16.12.2017 8 Post Malone, 21 Savage
50%
25.05.2024 22.06.2024 6 Post Malone, Morgan Wallen
50%
19.01.2019 19.01.2019 1 Post Malone, Swae Lee
50%
27.01.2018 27.01.2018 1 Camila Cabello, Young Thug
45%
22.05.2010 22.05.2010 1 Eminem
45%
08.02.2014 01.03.2014 4 Katy Perry, Juicy J
45%
19.06.2010 24.07.2010 6 Katy Perry, Snoop Dogg
45%
06.08.2016 27.08.2016 4 Sia, Sean Paul
45%
22.08.2015 26.09.2015 3 The Weeknd
45%
03.10.2015 07.11.2015 6 The Weeknd
45%
14.12.2019 14.12.2019 1 The Weeknd
45%
04.04.2020 02.05.2020 4 The Weeknd
45%
27.06.2020 27.06.2020 1 6ix9ine, Nicki Minaj
40%
07.07.2018 07.07.2018 1 Cardi B, J Balvin, Bad Bunny
40%
16.05.2020 16.05.2020 1 Doja Cat, Nicki Minaj
40%
Love The Way You Lie
40%
27.08.2022 27.08.2022 1 Nicki Minaj
40%
13.07.2024 13.07.2024 1 Sabrina Carpenter
40%
09.11.2019 09.11.2019 1 Selena Gomez
40%
Shake It Off
40%
07.01.2017 07.01.2017 1 The Weeknd, Daft Punk
40%
Up
40%
27.03.2021 27.03.2021 1 Cardi B
35%
22.08.2020 26.09.2020 4 Cardi B, Meghan Thee Stallion
35%
09.10.2021 09.10.2021 1 Coldplay, BTS
35%
Firework
35%
Happy
35%
Havana
35%
Humble
35%
18.01.2014 01.02.2014 3 Kesha, Pitbull
35%
28.09.2013 14.12.2013 3 Miley Cyrus
35%
28.01.2023 01.04.2023 8 Miley Cyrus
35%
Perfect
35%
Roar
35%
Rolling In The Deep
35%
Shape Of You
35%
Sorry
35%
Starboy
35%
Stay
35%
29.04.2023 29.04.2023 1 Sza
35%
Uptown Funk
35%
Bad Blood
30%
Blank Space
30%
Dark Horse
30%
Despacito
30%
Flowers
30%
Grenade
30%
Hello
30%
27.05.2017 09.09.2017 16 Luis Fonsi, Daddy Yankee
30%
09.07.2011 09.07.2011 1 Pitbull, Ne-Yo ,Afrojack, Nayer
30%
Save Your Tears
30%
Shallow
30%
Someone Like You
30%
The Hills
30%
Work
30%
Wrecking Ball
30%
Bad Guy
25%
29.01.2011 29.01.2011 1 Britney Spears
25%
California Gurls
25%
25.04.2015 18.07.2015 12 Charlie Puth, Wiz Khalifa
25%
Cruel Summer
25%
Diamonds
25%
Girls Like You
25%
God's Plan
25%
28.05.2016 28.05.2016 1 Justin Timberlake
25%
21.12.2019 30.12.2023 14 Mariah Carey
25%
Moves Like Jagger
25%
Not Like Us
25%
One Dance
25%
08.03.2014 10.05.2014 10 Pharrell Williams
25%
Rockstar
25%
Rockstar
25%
See You Again
25%
The Monster
25%
10.10.2020 10.10.2020 1 Travis Scott,, Young Thug, M.I.A
25%
What Do You Mean?
25%
7 rings
20%
05.09.2020 03.10.2020 3 BTS
20%
05.12.2020 05.12.2020 1 BTS
20%
05.06.2021 11.09.2021 10 BTS
20%
24.07.2021 24.07.2021 1 BTS
20%
Can't Feel My Face
20%
Carnival
20%
16.09.2023 14.10.2023 3 Doja Cat
20%
E.T
20%
First Person Shooter
20%
15.08.2020 15.08.2020 1 Harry Styles
20%
16.04.2022 01.10.2022 15 Harry Styles
20%
07.06.2014 19.07.2014 7 Iggy Azalea, Charli XCX
20%
17.10.2020 17.10.2020 1 Jawsh 686, Jason Derulo, BTS
20%
Just The Way You Are
20%
02.01.2010 07.02.2010 9 Kesha
20%
13.11.2010 13.11.2010 1 Kesha
20%
Kill Bill
20%
Last Friday Night
20%
Like That
20%
10.04.2021 10.04.2021 1 Lil Nas X
20%
13.04.2019 17.08.2019 19 Lil Nas X, Billy Ray Cyrus
20%
23.10.2021 23.10.2021 1 Lil Nas X, Jack Harlow
20%
Not Afraid
20%
23.01.2021 13.03.2021 8 Olivia Rodrigo
20%
29.05.2021 29.05.2021 1 Olivia Rodrigo
20%
15.07.2023 23.09.2023 2 Olivia Rodrigo
20%
Please Please Please
20%
29.10.2022 29.10.2022 1 Sam Smith, Kim Petras
20%
Senorita
20%
Tik Tok
20%
Timber
20%
18.12.2018 18.12.2018 1 Travis Scott
20%
19.10.2019 19.10.2019 1 Travis Scott
20%
09.05.2020 09.05.2020 1 Travis Scott, Kid Cudi
20%
Wap
20%
We Found Love
20%
When I Was Your Man
20%
Without Me
20%
19.02.2011 19.02.2011 1 Wiz Khalifa
20%
All I Want For Christmas Is You
15%
Anti-Hero
15%
Butter
15%
Call Me Maybe
15%
Cardigan
15%
Drivers License
15%
Dynamite
15%
Fancy
15%
25.08.2012 15.09.2012 2 Flo Rida
15%
Fortnight
15%
28.04.2012 16.06.2012 8 Gotye, Kimbra
15%
I Like It
15%
I'm The One
15%
Industry Baby
15%
Look What You Made Me Do
15%
Montero
15%
Old Town Road
15%
Part Of Me
15%
27.04.2013 11.05.2013 3 P!nk, Nate Reuss
15%
SAD!
15%
Say So
15%
Set Fire To The Rain
15%
S&M
15%
Somebody That I Used To Know
15%
Someone You Loved
15%
Sunflower
15%
Teenage Dream
15%
Texas Hold Em
15%
Thank U, Next
15%
15.05.2010 12.06.2010 4 Usher, Will.I.Am
15%
Watermelon Sugar
15%
Willow
15%
30.06.2018 30.06.2018 1 xxxtentacion
15%
As It Was
10%
Bad Habit
10%
24.08.2019 24.08.2019 1 Billie Elish
10%
Black And Yellow
10%
Born This Way
10%
Break My Soul
10%
Can't Stop The Feeling
10%
23.06.2012 18.08.2012 9 Carly Rae Jepsen
10%
Cheap Thrills
10%
Circles
10%
Closer
10%
Die For You
10%
Give Me Everything
10%
Good 4 U
10%
12.01.2019 26.01.2019 2 Halsey
10%
In My Feelings
10%
23.04.2022 28.05.2022 3 Jack Harlow
10%
02.12.2023 24.02.2024 6 Jack Harlow
10%
Just Give Me A Reason
10%
Leave The Door Open
10%
02.11.2019 23.11.2019 3 Lewis Capaldi
10%
07.09.2019 26.10.2019 7 Lizzo
10%
30.07.2022 06.08.2022 2 Lizzo
10%
16.07.2011 20.08.2011 6 LMFAO
10%
07.01.2012 14.01.2012 2 LMFAO
10%
12.10.2013 07.12.2013 9 Lorde
10%
Love Yourself
10%
21.01.2017 11.02.2017 3 Migos, Lil Uzi Vert
10%
Only Girl
10%
Party Rock Anthem
10%
11.12.2010 11.12.2010 1 P!nk
10%
Positions
10%
Psycho
10%
Raise Your Glass
10%
Royals
10%
Rude
10%
Rude Boy
10%
Savage
10%
Sicko Mode
10%
Slime You Out
10%
That's What I Like
10%
03.09.2016 19.11.2016 12 The Chainsmokers, Halsey
10%
Vampire
10%
We Are Never Ever Getting Back Together
10%
We Can't Be Friends
10%
What's My Name?
10%
Whistle
10%
Yes, And?
10%
20.02.2016 20.02.2016 1 Zayn
10%
24.10.2020 16.01.2021 8 24kGoldn, Iann Dior
5%
A Bar Song
5%
All Of Me
5%
All Too Well
5%
02.03.2013 30.03.2013 5 Baauer
5%
Bad & Boujee
5%
06.03.2010 13.03.2010 2 Black Eyed Peas
5%
Blinding Ligts
5%
Blurred Lines
5%
Bodak Yellow
5%
Can't Hold Us
5%
19.05.2018 26.05.2018 2 Childish Gambino
5%
13.06.2020 01.08.2020 7 Dababy, Roddy Rich
5%
07.05.2016 14.05.2016 2 Desiigner
5%
Easy On Me
5%
First Class
5%
Franchise
5%
17.03.2012 21.04.2012 6 Fun.
5%
12.03.2022 09.04.2022 5 Glass Animals
5%
Harlem Shake
5%
Heat Waves
5%
Highest In The Room
5%
27.04.2024 27.04.2024 1 Hozier
5%
Is It Over Now?
5%
Jimmy Cooks
5%
17.05.2014 31.05.2014 3 John Legend
5%
16.03.2019 16.03.2019 1 Jonas Brothers
5%
29.07.2023 29.07.2023 1 Jungkook, Latto
5%
Locked Out Of Heaven
5%
Lose You To Love me
5%
02.02.2013 13.04.2013 6 Macklemore, Ryan Lewis
5%
18.05.2013 15.06.2013 5 Macklemore, Ryan Lewis
5%
26.07.2014 30.08.2014 6 Magic!
5%
20.09.2014 08.11.2014 8 Meghan Trainor
5%
Mood
5%
18.03.2023 19.08.2023 16 Morgan Wallen
5%
02.11.2024 02.11.2024 1 Morgan Wallen
5%
My Universe
5%
Nice For What
5%
Paint The Town Red
5%
Panda
5%
Peaches
5%
Permission To Dance
5%
Pillowtalk
5%
24.04.2021 01.05.2021 2 Polo G
5%
Rapstar
5%
22.06.2013 07.09.2013 12 Robin Thicke, Pharrell Williams
5%
18.01.2020 28.03.2020 11 Roddy Rich
5%
Sexy And I Know It
5%
08.10.2022 22.10.2022 3 Steve Lacy
5%
Stronger
5%
Stuck With U
5%
Sucker
5%
Super Freaky Girl
5%
30.03.2024 30.03.2024 1 Teddy Swims
5%
The Box
5%
The Scotts
5%
This Is America
5%
Thrift Shop
5%
Toosie Slide
5%
Unhloy
5%
Wait For U
5%
We Are Young
5%
About Damn Time
0%
All About That Bass
0%
Black Beatles
0%
Break Your Heart
0%
09.12.2023 06.01.2024 3 Brenda Lee
0%
07.10.2017 21.10.2017 3 Carbi B
0%
Cheerleader
0%
05.02.2022 05.03.2020 5 Encanto Cast
0%
30.10.2010 27.11.2010 3 Far East Movement,The Catarcas, Dev
0%
Heartless
0%
Hiss
0%
Hold It Against Me
0%
I Had Some Help
0%
Imma Be
0%
I Remember Everything
0%
05.08.2023 05.08.2023 1 Jason Aldean
0%
08.04.2023 08.04.2023 1 Jimin
0%
18.02.2012 10.03.2012 3 Kelly Clarkson
0%
Last Night
0%
Life Goes On
0%
Like A G6
0%
Like Crazy
0%
Lose Control
0%
Love Somebody
0%
Lovin On Me
0%
10.02.2024 10.02.2024 1 Meghan Thee Stallion
0%
Nothin' On You
0%
26.08.2023 02.09.2023 2 Olivier Anthony Music
0%
OMG
0%
25.07.2014 05.09.2015 6 OMI
0%
One More Night
0%
26.11.2016 14.11.2017 7 Rae Sremmurd, Gucci Mane
0%
Rain On Me
0%
Rich Men North Of Richmond
0%
Rockin 'Around The Christmas Tree
0%
Savage Love
0%
Seven
0%
27.07.2024 16.11.2024 17 Shaboozey
0%
20.03.2010 20.03.2010 1 Taio Cruz, Ludacris
0%
Too Sweet
0%
Trollz
0%
Truth Hurts
0%
Try That In Small Town
0%
Way 2 Sexy
0%
We Don't Talk About Bruno
0%
We R Who We R
0%
What's Next
0%
09.09.2023 09.09.2023 1 Zach Bryan, Kacey Musgraves
0%
Nie znaleziono quizów pasujących do podanych kryteriów
Rozkład punktacji
Procent ludzi z każdym wynikiem
Percentyl według liczby udzielonych odpowiedzi
Twoja historia wyników
Nie rozwiązałeś tego quizu